Presidentes del Consejo de Ministros de España - Estadísticas

Estadísticas generales
  • Esta prueba ha sido intentada 35 veces
  • La puntuación promedio es 61 de 177
Estadísticas de respuestas
Años Partido Político Presidente % Correcto
1976-1977 Movimiento Nacional Adolfo Suárez González
95%
1977-1981 UCD Adolfo Suárez González
95%
1982-1996 PSOE Felipe González Márquez
95%
1996-2004 PP José María Aznar López
95%
1931 Monárquico Juan Bautista Aznar-Cabañas
95%
1931 Coalición/Acción Republicana Manuel Azaña Díaz
95%
1931-1933 Acción Republicana Manuel Azaña Díaz
95%
1936 Izquierda Republicana Manuel Azaña Díaz
95%
2011-2014 PP Mariano Rajoy Brey
95%
2014-2018 PP Mariano Rajoy Brey
95%
2018-Presente PSOE Pedro Sánchez Pérez-Castejón
95%
2004-2011 PSOE José Luis Rodríguez Zapatero
91%
1981-1982 UCD Leopoldo Calvo-Sotelo y Bustelo
91%
1938-1973 Sin partido Francisco Franco Bahamonde
86%
1874-1875 Conservador Antonio Cánovas del Castillo
82%
1875-1879 Conservador Antonio Cánovas del Castillo
82%
1879-1881 Conservador Antonio Cánovas del Castillo
82%
1884-1885 Conservador Antonio Cánovas del Castillo
82%
1890-1892 Conservador Antonio Cánovas del Castillo
82%
1895-1897 Conservador Antonio Cánovas del Castillo
82%
1840 Progresista Antonio González y González
82%
1841-1842 Progresista Antonio González y González
82%
1973 Movimiento Nacional Luis Carrero Blanco
82%
1973-1975 Movimiento Nacional Carlos Arias Navarro
77%
1975-1976 Movimiento Nacional Carlos Arias Navarro
77%
1871-1872 Constitucional (ala progresista) Práxedes Mateo Sagasta
77%
1874 Constitucional (ala progresista) Práxedes Mateo Sagasta
77%
1881-1883 Liberal Práxedes Mateo Sagasta
77%
1885-1890 Liberal Práxedes Mateo Sagasta
77%
1892-1895 Liberal Práxedes Mateo Sagasta
77%
1897-1899 Liberal Práxedes Mateo Sagasta
77%
1901-1902 Liberal Práxedes Mateo Sagasta
77%
1902 Liberal Práxedes Mateo Sagasta
77%
1936-1937 PSOE Francisco Largo Caballero
73%
1868-1869 Unión Liberal Francisco Serrano
73%
1871 Unión Liberal Francisco Serrano
73%
1872 Constitucional (ala conservadora) Francisco Serrano
73%
1874 Constitucional (ala conservadora) Francisco Serrano
73%
1869-1870 Progresista Juan Prim
73%
1923-1930 Militar/Unión Patriótica Miguel Primo de Rivera
68%
1933 Republicano Radical Alejandro Lerroux García
64%
1933-1934 Republicano Radical Alejandro Lerroux García
64%
1934-1935 Republicano Radical Alejandro Lerroux García
64%
1903-1904 Conservador Antonio Maura
64%
1907-1909 Conservador Antonio Maura
64%
1918 Conservadores Mauristas Antonio Maura
64%
1919 Conservadores Mauristas Antonio Maura
64%
1921-1922 Conservadores Mauristas Antonio Maura
64%
1933 Republicano Radical Diego Martínez Barrio
64%
1936 Unión Republicana Diego Martínez Barrio
64%
1931 Coalición/Derecha Liberal Republicana Niceto Alcalá-Zamora y Torres
64%
1930-1931 Militar Dámaso Berenguer
55%
1913-1915 Conservador Eduardo Dato
55%
1917-1918 Conservador Eduardo Dato
55%
1920-1921 Conservador Eduardo Dato
55%
1873 Republicano Federal Francisco Pi y Margall
55%
1937-1939 PSOE Juan Negrín López
55%
1939-1945 PSOE Juan Negrín López
55%
1873-1874 Republicano Federal Emilio Castelar
50%
1873 Republicano Federal Estanislao Figueras
50%
1835-1836 Progresista Juan Álvarez Mendizábal
50%
1873 Republicano Federal Nicolás Salmerón
50%
1856 Unión Liberal Leopoldo O'Donnell
45%
1858-1863 Unión Liberal Leopoldo O'Donnell
45%
1865-1866 Unión Liberal Leopoldo O'Donnell
45%
1973 Movimiento Nacional Torcuato Fernández-Miranda y Hevia
45%
1910-1912 Liberal José Canalejas
41%
1912 Liberal Manuel García Prieto
41%
1917 Liberal-Demócratas Manuel García Prieto
41%
1918 Liberal-Demócratas Manuel García Prieto
41%
1918 Liberal-Demócratas Manuel García Prieto
41%
1922-1923 Liberal-Demócratas Manuel García Prieto
41%
1844-1846 Moderado Ramón María Narváez
41%
1846 Moderado Ramón María Narváez
41%
1847-1849 Moderado Ramón María Narváez
41%
1849-1851 Moderado Ramón María Narváez
41%
1856-1857 Moderado Ramón María Narváez
41%
1864-1865 Moderado Ramón María Narváez
41%
1866-1868 Moderado Ramón María Narváez
41%
1936 Izquierda Republicana José Giral Pereira
36%
1945-1947 Izquierda Republicana José Giral Pereira
36%
1868 Progresista Pascual Madoz Ibáñez
36%
1837 Progresista Baldomero Espartero
32%
1840-1841 Progresista Baldomero Espartero
32%
1854-1856 Progresista Baldomero Espartero
32%
1936 Izquierda Republicana Santiago Casares Quiroga
32%
1870-1871 Unión Liberal Juan Bautista Topete
27%
1936 Militar Miguel Cabanellas Ferrer
27%
1879 Conservador Arsenio Martínez Campos Antón
23%
1935-1936 Independiente Manuel Portela Valladares
23%
1864 Moderado Alejandro Mon y Menéndez
18%
1834-1835 Moderado Francisco Martínez de la Rosa
18%
1935 Independiente Joaquín Chapaprieta Torregrosa
18%
1905 Liberal Eugenio Montero Ríos
14%
1824-1825 - Francisco Cea Bermúdez
14%
1832-1834 - Francisco Cea Bermúdez
14%
1899-1900 Unión Conservadora Francisco Silvela
14%
1902-1903 Conservador Francisco Silvela
14%
1841 Progresista Joaquín María Ferrer
14%
1843 Progresista Joaquín María López
14%
1843 Progresista Joaquín María López
14%
1906 Liberal José López Domínguez
14%
1939 Militar José Miaja Menant
14%
1905-1906 Liberal Segismundo Moret
14%
1906 Liberal Segismundo Moret
14%
1909-1910 Liberal Segismundo Moret
14%
1912-1913 Liberal Álvaro de Figueroa
9%
1915-1917 Liberal Álvaro de Figueroa
9%
1918-1919 Liberal Álvaro de Figueroa
9%
1960-1962 Independiente Emilio Herrera Linares
9%
1921 Conservador Gabino Bugallal
9%
1851-1852 Moderado Juan Bravo Murillo
9%
1919-1920 Conservador Manuel Allendesalazar Muñoz
9%
1921 Conservador Manuel Allendesalazar Muñoz
9%
1826-1832 - Manuel González Salmón
9%
1903 Conservador Raimundo Fernández Villaverde
9%
1905 Conservador Raimundo Fernández Villaverde
9%
1934 Republicano Radical Ricardo Samper Ibáñez
9%
1947 PSOE Rodolfo Llopis Ferrándiz
9%
1947-1951 Izquierda Republicana Álvaro de Albornoz y Liminiana
5%
1854 Moderado Ángel de Saavedra, duque de Rivas
5%
1936 Izquierda Republicana Augusto Barcia Trelles
5%
1971-1977 ARDE Fernando Valera Aparicio
5%
1836 Moderado Francisco Javier de Istúriz
5%
1846-1847 Moderado Francisco Javier de Istúriz
5%
1858 Moderado Francisco Javier de Istúriz
5%
1868 Progresista Joaquín Aguirre de la Peña
5%
1875 Conservador Joaquín Jovellar Soler
5%
1919 Conservador Joaquín Sánchez de Toca
5%
1883-1884 Izquierda Dinástica José de Posada Herrera
5%
1871 Constitucional (ala progresista) José Malcampo
5%
1836-1837 Progresista José María Calatrava
5%
1835 Moderado José María Queipo de Llano
5%
1922 Conservador José Sánchez Guerra
5%
1874 Constitucional (ala conservadora) Juan Zavala de la Puente
5%
1871 Progresista Manuel Ruiz Zorrilla
5%
1872-1873 Partido Demócrata-Radical Manuel Ruiz Zorrilla
5%
1897 Conservador Marcelo Azcárraga Palmero
5%
1900-1901 Unión Conservadora Marcelo Azcárraga Palmero
5%
1904-1905 Conservador Marcelo Azcárraga Palmero
5%
1843 Progresista Álvaro Gómez Becerra
0%
1906-1907 Liberal Antonio Aguilar y Correa
0%
1832 - Antonio de Saavedra y Jofré
0%
1838 Moderado Bernardino Fernández de Velasco
0%
1847 Moderado Carlos Martínez de Irujo y McKean
0%
1823 - Carlos Martínez de Irujo y Tacón
0%
1962-1971 ARDE Claudio Sánchez Albornoz y Menduiña
0%
1837 Progresista Eusebio Bardají Azara
0%
1838-1840 Moderado Evaristo Pérez de Castro
0%
1852-1853 Moderado Federico Roncali
0%
1951-1960 Izquierda Republicana/ARDE Félix Gordón Ordás
0%
1976 Movimiento Nacional Fernando de Santiago y Díaz de Mendívil
0%
1854 Moderado Fernando Fernández de Córdova y Valcárcel
0%
1936-1937 Militar Fidel Dávila Arrondo
0%
1847 Moderado Florencio García Goyena
0%
1857-1858 Moderado Francisco Armero Peñaranda
0%
1937-1938 Militar Francisco Gómez-Jordana Sousa
0%
1853 Moderado Francisco Lersundi Hormaechea
0%
1847 Moderado Joaquín Francisco Pacheco
0%
1868 Moderado José Gutiérrez de la Concha
0%
1842-1843 Progresista José Ramón Rodil y Gayoso
0%
1864 Moderado Lorenzo Arrazola
0%
1868 Moderado Luis González Bravo
0%
1843-1844 Moderado Luis González Bravo y López de Arjona
0%
1853-1854 Moderado Luis José Sartorius
0%
1846 Moderado Manuel Pando Fernández de Pinedo
0%
1863-1864 Moderado Manuel Pando Fernández de Pinedo
0%
1835 Progresista Miguel Ricardo de Álava
0%
1840 Progresista Modesto Cortázar
0%
1823-1824 - Narciso Heredia y Begines de los Ríos
0%
1837-38 Moderado Narciso Heredia y Begines de los Ríos
0%
1825-1826 - Pedro de Alcántara Álvarez de Toledo
0%
1843 Progresista Salustiano Olózaga Almandoz
0%
1849 Moderado Serafín María de Sotto
0%
1840 Progresista Valentín Ferraz
0%
1840 Progresista Vicente Sancho
0%
1823 - Víctor Damián Sáez
0%
No se encontraron pruebas coincidentes
Distribución de puntuación
Porcentaje de gente con cada puntuación
Porcentaje por número respondido
Historial de tus puntuaciones
No has intentado esta prueba.